000 00399nam a2200157 a 4500
001 000032576
005 20200930065720.0
008 110719s1998 dr 000 0 spa d
040 _aDO-SdBNP
_bspa
_cBNPHU
082 _axxxx
_bE21p
100 1 _aEddy
_958504
245 1 0 _aMi primer vuelo. /
_cEddy.
260 _a[Santo Domingo] :
_b[s. n.],
_c[1998].
300 _a38 p. ;
_c21 cm.
049 _aBNPD
999 _c32067
_d32067